| 000 | 01454cam a2200313 i 4500 | ||
|---|---|---|---|
| 999 |
_c5356 _d5356 |
||
| 001 | 5356 | ||
| 003 | Mx-PuUPA | ||
| 005 | 20200817134605.0 | ||
| 008 | 140415s1992 maua r 000 0 spa d | ||
| 020 | _a1558991514 (t.257) | ||
| 020 | _a1558992324 (t.333) | ||
| 040 |
_aMX-PuUPA _bspa _erda _cMx-PuUPA _dMx-PuUPA |
||
| 041 | 0 | _aspa | |
| 245 | 0 | 0 |
_aMaterials research society symposium proceedings / _ceditores, Claude G. Sombret, Aaron Barkatt, Richard A. Van konynenburg. |
| 264 | 1 |
_aMassachusetts : _bMaterials Research Society, _c1992 |
|
| 300 |
_a2 volúmenes (paginación varia) ; _c24 cm. |
||
| 336 |
_atexto _2rdacontent _btxt |
||
| 337 |
_asin medio _2rdamedia _bn |
||
| 338 |
_avolumen _2rdacarrier _bnc |
||
| 490 | 0 | _aMaterials Research Society Symposium Procedings | |
| 505 | 8 |
_gv. 1. _tScientific basis for nuclear waste management XV : symposium held November 4-7, 1991, Strasbourg, France / editor Claud G. Sombret - _gv. 2. _tScientific basis for nuclear waste management XVII : symposium held November 29- December 3, 1993, Boston, Massachusetts / editores, Aaron Barkatt, Richard A. Van Konynenburg. |
|
| 650 | 4 |
_aDisposición de residuos radioactivos _vCongresos |
|
| 650 | 4 |
_aMateriales ópticos _vCongresos |
|
| 700 | 1 |
_aSombret, Claude G., _eeditor |
|
| 700 | 1 |
_aBarkatt, Aaron, _eeditor |
|
| 700 | 1 |
_aVan Konynenburg, Richard A., _eeditor |
|
| 942 |
_2ddc _cLI _h621.4838 _iM425 |
||